[Event "ICS Rated bullet match"]
[Site "204.178.125.65"]
[Date "2001.08.04"]
[Round "?"]
[White "koljap"]
[Black "Hossa"]
[Result "1-0"]
[WhiteElo "2229"]
[BlackElo "2612"]
[PlyCount "155"]
[EventDate "2001.??.??"]

1. e4 c5 2. Nf3 d6 3. d4 cxd4 4. c3 dxc3 5. Nxc3 Nc6 6. Bc4 Nf6 7. O-O e6 8.
Qe2 Be7 9. Rd1 O-O 10. e5 Ne8 11. exd6 Bxd6 12. Nb5 Qe7 13. Bg5 f6 14. Be3 Bb4
15. a3 Ba5 16. b4 Bb6 17. Bxb6 axb6 18. Qe3 Kh8 19. Qxb6 e5 20. Qe3 Be6 21.
Bxe6 Qxe6 22. Rac1 Qg4 23. h3 Qf5 24. Rc5 Rf7 25. Qb3 Rd7 26. Rxd7 Qxd7 27. Rd5
Qe7 28. Qc4 e4 29. Nh2 e3 30. Qe2 exf2+ 31. Qxf2 Nc7 32. Nxc7 Qxc7 33. Qc5 Qb8
34. b5 Ne5 35. Ng4 Nxg4 36. hxg4 Qe8 37. Kf2 Qf7 38. Qd4 Qc7 39. Rc5 Qe7 40. b6
Re8 41. Rc7 Qe2+ 42. Kg3 h6 43. Kh2 Qe1 44. Qd3 Rb8 45. a4 Qh4+ 46. Qh3 Qf2 47.
a5 Qf4+ 48. Qg3 Qxg3+ 49. Kxg3 Kh7 50. Kf4 Kg6 51. Ke4 Ra8 52. Rc5 Kf7 53. Rc7+
Kg6 54. Rxb7 Rxa5 55. Rd7 Re5+ 56. Kd4 Rb5 57. b7 Kh7 58. g3 h5 59. gxh5 f5 60.
Kc4 Rb2 61. Kc5 Rb1 62. Kc6 Kh6 63. Rd5 Rxb7 64. Kxb7 Kxh5 65. Rxf5+ Kg4 66.
Re5 g5 67. Kc6 Kh5 68. Kd5 Kg4 69. Ke4 Kxg3 70. Rxg5+ Kf2 71. Rg8 Ke2 72. Rg2+
Kf1 73. Rd2 Ke1 74. Ke3 Kf1 75. Kf3 Kg1 76. Rd1+ Kh2 77. Rf1 Kh3 78. Rh1# {
Hossa checkmated} 1-0

[Event "ICS rated bullet match"]
[Site "204.178.125.65"]
[Date "2001.08.04"]
[Round "?"]
[White "koljap"]
[Black "Hossa"]
[Result "0-1"]
[WhiteElo "2254"]
[BlackElo "2587"]
[PlyCount "250"]
[EventDate "2001.??.??"]

1. e4 e5 2. Nf3 Nc6 3. Bb5 a6 4. Bxc6 dxc6 5. d4 exd4 6. Qxd4 Qxd4 7. Nxd4 Bd7
8. Bf4 O-O-O 9. O-O Bg4 10. Nf3 Bxf3 11. gxf3 Bd6 12. Bxd6 cxd6 13. Nc3 Nf6 14.
Rad1 Nh5 15. Kg2 g6 16. Rd2 Kd7 17. Rfd1 Kc7 18. h4 h6 19. Kh3 b6 20. a4 Rhg8
21. Ne2 Nf6 22. c4 g5 23. Ng3 Rge8 24. hxg5 hxg5 25. Kg2 Re6 26. b4 Ng8 27. b5
axb5 28. axb5 Ne7 29. Ra2 Rb8 30. Rda1 Ng6 31. Ne2 cxb5 32. cxb5 Re5 33. Ra7+
Rb7 34. Nd4 Nf4+ 35. Kg3 f6 36. Rxb7+ Kxb7 37. Rh1 Rc5 38. Nf5 d5 39. Nd6+ Kc7
40. Ne8+ Kb8 41. Nxf6 Rxb5 42. exd5 Nxd5 43. Ne4 Nc7 44. Rh8+ Ka7 45. Rh7 Kb8
46. Rh6 Rb1 47. Kg4 Rg1+ 48. Kf5 Nd5 49. Ke5 Nf4 50. Rxb6+ Kc7 51. Rd6 Rf1 52.
Rd2 Nh3 53. Ke6 Re1 54. Kf5 Rg1 55. Ke6 Re1 56. Rc2+ Kb6 57. Kf5 Rg1 58. Nd6
Rf1 59. Ne4 Rg1 60. Nc3 Nf4 61. Na4+ Kb5 62. Nc5 Kb6 63. Nd7+ Kb5 64. Ne5 Nh3
65. Nc4 Kc5 66. Ke5 Nf4 67. Nd6+ Kb4 68. Ne4 Nh3 69. Rd2 Kb3 70. Ke6 Ra1 71.
Kf5 Rg1 72. f4 Nxf4 73. Nxg5 Ng2 74. Ne4 Nh4+ 75. Kf6 Rg8 76. Rd3+ Kc4 77. Rg3
Rf8+ 78. Kg5 Nf3+ 79. Kh6 Kd4 80. Kg7 Rf4 81. Nf6 Ne5 82. Ne4 Kxe4 83. Kh8 Rh4+
84. Kg8 Nf3 85. Rg7 Kd3 86. Kf8 Rh8+ 87. Rg8 Rh1 88. Rg7 Rf1 89. Kf7 Ke4 90.
Rg8 Kf5 91. Ke8 Kf4 92. Kf8 Ng5 93. Ke8 Re1+ 94. Kf8 Kf5 95. Rh8 Kg6 96. Rg8+
Kf6 97. Rh8 Ne6+ 98. Ke8 Nf4+ 99. Kd8 Rd1+ 100. Ke8 Rf1 101. Rh4 Kg5 102. Rh7
Kg6 103. Rh8 Kg7 104. Rh4 Ng6 105. Rh5 Kf6 106. Kd8 Rd1+ 107. Ke8 Re1+ 108. Kd8
Kf7 109. Rh7+ Kg8 110. Rd7 Nf4 111. Kc8 Rf1 112. Kd8 Kf8 113. Rh7 Ne6+ 114. Kc8
Rc1+ 115. Kb8 Rb1+ 116. Kc8 Kg8 117. Re7 Rc1+ 118. Kb8 Nf4 119. Re8+ Kf7 120.
Rd8 Rb1+ 121. Kc8 Rf1 122. Rd7+ Kf6 123. f3 Ke6 124. Rh7 Rf2 125. Kb8 Kf6 {
koljap resigns} 0-1

[Event "ICS rated bullet match"]
[Site "204.178.125.65"]
[Date "2001.08.04"]
[Round "?"]
[White "Hossa"]
[Black "koljap"]
[Result "1-0"]
[WhiteElo "2591"]
[BlackElo "2250"]
[PlyCount "75"]
[EventDate "2001.??.??"]

1. e4 c5 2. c4 Nc6 3. d3 d6 4. Nf3 g6 5. Be2 Bg7 6. O-O Nf6 7. Nc3 O-O 8. Bf4
e5 9. Bg5 h6 10. Bh4 Be6 11. Nd5 Re8 12. Qd2 g5 13. Bg3 g4 14. Nh4 Nd4 15. Ne3
Qd7 16. Nc2 Nxe2+ 17. Qxe2 Nh5 18. Ne3 Nf4 19. Qd1 Bf6 20. Nhf5 h5 21. f3 gxf3
22. Qxf3 h4 23. Bxf4 exf4 24. Qg4+ Kf8 25. Qxf4 Bxb2 26. Qh6+ Kg8 27. Rf4 Bxf5
28. Nxf5 Re6 29. Rg4+ Rg6 30. Rxg6+ fxg6 31. Qxg6+ Kh8 32. Qh6+ Kg8 33. Qg5+
Bg7 34. Ne7+ Qxe7 35. Qxe7 Bxa1 36. Qe6+ Kg7 37. Qxd6 Bd4+ 38. Kh1 {
koljap resigns} 1-0

[Event "ICS rated bullet match"]
[Site "204.178.125.65"]
[Date "2001.08.04"]
[Round "?"]
[White "koljap"]
[Black "Hossa"]
[Result "1-0"]
[WhiteElo "2246"]
[BlackElo "2595"]
[PlyCount "65"]
[EventDate "2001.??.??"]

1. e4 e6 2. d4 d5 3. e5 c5 4. Nf3 Nd7 5. Bd3 cxd4 6. O-O Qc7 7. Re1 Bc5 8. a3
Ne7 9. Qe2 Ng6 10. b4 Bb6 11. a4 a5 12. Na3 axb4 13. Nb5 Qc5 14. Nd6+ Kf8 15.
Bxg6 hxg6 16. Ng5 d3 17. Qf3 Qxf2+ 18. Qxf2 Bxf2+ 19. Kxf2 dxc2 20. Kg1 Nc5 21.
Rf1 f6 22. exf6 gxf6 23. Be3 Nb3 24. Ra2 Bd7 25. Rxc2 Rxa4 26. Rxf6+ Ke7 27.
Rf3 d4 28. Bf4 Na1 29. Nge4 Rf8 30. Bg5+ Rf6 31. Bxf6+ Kf8 32. Rh3 Nxc2 33.
Rh8# {Hossa checkmated} 1-0

[Event "ICS rated bullet match"]
[Site "204.178.125.65"]
[Date "2001.08.04"]
[Round "?"]
[White "Hossa"]
[Black "koljap"]
[Result "0-1"]
[WhiteElo "2567"]
[BlackElo "2274"]
[PlyCount "126"]
[EventDate "2001.??.??"]

1. e4 c5 2. c4 Nc6 3. d3 d6 4. Nf3 g6 5. Be2 Bg7 6. O-O Nf6 7. Nc3 O-O 8. Bf4
Bg4 9. Be3 Bxf3 10. Bxf3 Nd4 11. Bxd4 cxd4 12. Nb5 Nd7 13. Qe2 a6 14. Na3 Rb8
15. Bg4 e6 16. f4 Qh4 17. g3 Qe7 18. Nc2 Qf6 19. Bf3 b5 20. cxb5 axb5 21. b4
Rfc8 22. a4 bxa4 23. Rxa4 Rc7 24. Rfa1 e5 25. Ra7 Rbc8 26. Rxc7 Rxc7 27. Ra8+
Bf8 28. Qd2 Qe6 29. Na3 Rc3 30. Nb5 Rb3 31. Bd1 Rb1 32. Kg2 Nb6 33. Nc7 Qd7 34.
Ne8 Qe7 35. Rb8 Nd7 36. Rc8 exf4 37. Bc2 f3+ 38. Kxf3 Ne5+ 39. Ke2 Rb2 40. Qc1
Ra2 41. Qb1 Ra3 42. Nc7 Qd7 43. Rxf8+ Kxf8 44. Nd5 Qh3 45. Qh1 Ra2 46. Kd2 Nf3+
47. Kc1 Qc8 48. Qd1 Ne1 49. Kd2 Nxc2 50. Qb1 Nxb4+ 51. Qxa2 Nxa2 52. Ke1 Qc2
53. h4 Nc1 54. Nf4 Nxd3+ 55. Nxd3 Qxd3 56. Kf2 Qe3+ 57. Kg2 Qe2+ 58. Kh3 h5 59.
g4 hxg4+ 60. Kg3 Qf3+ 61. Kh2 Qf2+ 62. Kh1 g3 63. e5 Qf1# {Hossa checkmated}
0-1

[Event "ICS rated blitz match"]
[Site "204.178.125.65"]
[Date "2001.08.04"]
[Round "?"]
[White "Hossa"]
[Black "jasthemace"]
[Result "1-0"]
[WhiteElo "2545"]
[BlackElo "2099"]
[PlyCount "49"]
[EventDate "2001.??.??"]

1. e4 d5 2. exd5 Nf6 3. d4 Bg4 4. Nf3 Qxd5 5. Be2 Nc6 6. c4 Qd7 7. d5 Nb4 8.
O-O O-O-O 9. Ne5 Bxe2 10. Qxe2 Qe8 11. Rd1 Nd7 12. a3 Na6 13. Nxd7 Qxd7 14. Nc3
g6 15. Nb5 Kb8 16. Be3 b6 17. a4 Bg7 18. a5 Nc5 19. Nxa7 Kxa7 20. axb6+ Kxb6
21. Bxc5+ Kxc5 22. b4+ Kb6 23. c5+ Kb7 24. Qa6+ Kb8 25. Qa8# {
jasthemace checkmated} 1-0

[Event "ICS rated blitz match"]
[Site "204.178.125.65"]
[Date "2001.08.04"]
[Round "?"]
[White "jasthemace"]
[Black "Hossa"]
[Result "0-1"]
[WhiteElo "2097"]
[BlackElo "2547"]
[PlyCount "22"]
[EventDate "2001.??.??"]

1. e4 e6 2. d4 d5 3. e5 c5 4. c3 cxd4 5. cxd4 Bd7 6. Nf3 Bb4+ 7. Nc3 Ne7 8. Bd3
Nbc6 9. Be3 f6 10. Nh4 fxe5 11. dxe5 d4 {jasthemace resigns} 0-1

[Event "ICS rated blitz match"]
[Site "204.178.125.65"]
[Date "2001.08.04"]
[Round "?"]
[White "Hossa"]
[Black "jasthemace"]
[Result "1-0"]
[WhiteElo "2549"]
[BlackElo "2095"]
[PlyCount "135"]
[EventDate "2001.??.??"]

1. e4 d5 2. exd5 Nf6 3. d4 Bg4 4. Bb5+ Nbd7 5. f3 Bf5 6. c4 a6 7. Ba4 b5 8. Bc2
Bxc2 9. Qxc2 bxc4 10. Qxc4 Nb6 11. Qc6+ Qd7 12. Qxd7+ Kxd7 13. d6 cxd6 14. Ne2
g6 15. Na3 Bg7 16. O-O Rac8 17. Bd2 Nbd5 18. b4 Rc7 19. b5 Rhc8 20. bxa6 Ra7
21. Nb5 Rxa6 22. Rfd1 Rb6 23. a4 Rc2 24. Na3 Rcb2 25. Nc4 Rb7 26. Nxb2 Rxb2 27.
Kf2 Nb4 28. Rab1 Rxb1 29. Rxb1 Nbd5 30. a5 Nc7 31. Ra1 Na6 32. Nc3 Ne8 33. Ra4
Nec7 34. f4 e5 35. fxe5 dxe5 36. Be3 exd4 37. Bxd4 Bxd4+ 38. Rxd4+ Kc6 39. Rc4+
Kd6 40. Rf4 f5 41. Rh4 Kc5 42. Rxh7 Kb4 43. Na2+ Kxa5 44. Rg7 Nd5 45. Rxg6 Nac7
46. h4 Ne7 47. Rg7 Ncd5 48. h5 Nf6 49. Rxe7 Kb6 50. Re6+ Kc5 51. Rxf6 Kd5 52.
Rxf5+ Ke6 53. Kf3 Kxf5 54. g4+ Kg5 55. h6 Kxh6 56. Kf4 Kg6 57. g5 Kg7 58. Kf5
Kf7 59. g6+ Kg7 60. Nc3 Kg8 61. Kf6 Kf8 62. g7+ Kg8 63. Ne4 Kh7 64. Ng5+ Kh6
65. Nf7+ Kh5 66. Ne5 Kh4 67. g8=Q Kh5 68. Qh8# {jasthemace checkmated} 1-0

[Event "ICS rated blitz match"]
[Site "204.178.125.65"]
[Date "2001.08.04"]
[Round "?"]
[White "jasthemace"]
[Black "Hossa"]
[Result "0-1"]
[WhiteElo "2093"]
[BlackElo "2551"]
[PlyCount "110"]
[EventDate "2001.??.??"]

1. e4 e5 2. Nf3 Nc6 3. Bb5 a6 4. Ba4 Nf6 5. d3 b5 6. Bb3 Be7 7. c3 d5 8. Qe2
dxe4 9. dxe4 Bc5 10. Be3 Bxe3 11. fxe3 Nxe4 12. O-O O-O 13. Nbd2 Nc5 14. Bc2
Bg4 15. Rad1 Qe7 16. h3 Be6 17. Qf2 Rfd8 18. Qg3 Nd3 19. Ng5 Nxb2 20. Nxe6 Qxe6
21. Rb1 Rxd2 22. Rxb2 Qd6 23. Qh4 h6 24. Rf2 Rxf2 25. Qxf2 Na5 26. Qf5 g6 27.
Qe4 Rd8 28. h4 Nc4 29. Rb1 Nd2 30. Qb4 Nxb1 31. Qxb1 Qd2 32. h5 Qxe3+ 33. Kh1
gxh5 34. Bh7+ Kg7 35. Be4 Rd2 36. Bf3 Qxc3 37. Qe1 b4 38. Qg3+ Kf8 39. Qh4 Rxa2
40. Qxh5 Qc1+ 41. Kh2 Qf4+ 42. Kh3 Ra3 43. Qg4 Rxf3+ 44. gxf3 Qxg4+ 45. Kxg4 b3
46. f4 e4 47. f5 a5 48. Kf4 b2 49. Kxe4 a4 50. Ke5 a3 51. f6 a2 52. Kf5 b1=Q+
53. Kf4 Qb4+ 54. Ke5 a1=Q+ 55. Kf5 Qaa5# {jasthemace checkmated} 0-1

[Event "ICS Rated standard match"]
[Site "204.178.125.65"]
[Date "2001.08.05"]
[Round "?"]
[White "Hossa"]
[Black "Magellen"]
[Result "0-1"]
[WhiteElo "2144"]
[BlackElo "2313"]
[PlyCount "115"]
[EventDate "2001.??.??"]

1. e4 e5 2. Nf3 d6 3. d4 Nd7 4. Bd3 exd4 5. Nxd4 a6 6. O-O g6 7. Be3 Bg7 8. Nc3
Ngf6 9. Qd2 O-O 10. f3 Ne5 11. Be2 d5 12. Bg5 dxe4 13. fxe4 h6 14. Bf4 Neg4 15.
Rad1 Nh5 16. Nd5 Nxf4 17. Rxf4 Nf6 18. Nc3 h5 19. Qe1 Qd6 20. Qh4 Qe5 21. Rff1
Ng4 22. Bxg4 Bxg4 23. Rd3 f5 24. exf5 Rad8 25. Ne6 Rxd3 26. cxd3 Qe3+ 27. Qf2
Qxf2+ 28. Rxf2 Rxf5 29. Nxg7 Kxg7 30. h3 Rxf2 31. Kxf2 Be6 32. Ke3 Kf6 33. Kd4
Kf5 34. a4 Bd7 35. a5 Kf4 36. Ne2+ Kg5 37. Ng3 h4 38. Ne4+ Kf4 39. Nc5 Bc6 40.
Ne4 b6 41. b4 g5 42. Nf6 Bxg2 43. b5 axb5 44. a6 c5+ 45. Kc3 g4 46. Nxg4 Bxh3
47. Nf2 Bc8 48. a7 Bb7 49. Kd2 Kf3 50. Nh3 Kg3 51. Ng5 h3 52. Nxh3 Kxh3 53. Ke3
b4 54. Kd2 Kg2 55. Ke2 b3 56. Kd2 b5 57. Kc3 c4 58. Kb2 {Hossa resigns} 0-1

[Event "ICS rated blitz match"]
[Site "204.178.125.65"]
[Date "2001.08.05"]
[Round "?"]
[White "monsoon"]
[Black "Hossa"]
[Result "0-1"]
[WhiteElo "2634"]
[BlackElo "2553"]
[PlyCount "162"]
[EventDate "2001.??.??"]

1. e4 c5 2. Nf3 Nc6 3. d4 Qa5+ 4. Bd2 Qb6 5. d5 Nd4 6. Nxd4 cxd4 7. Na3 e6 8.
Nc4 Qc7 9. a4 Nf6 10. Qe2 d6 11. Bg5 e5 12. Bxf6 gxf6 13. Qf3 Be7 14. Be2 Bd7
15. O-O h5 16. Rfd1 O-O-O 17. Qd3 Rdg8 18. Bf3 Kb8 19. Nd2 Rc8 20. Rdc1 Qb6 21.
Nb3 Bf8 22. a5 Qc7 23. a6 b6 24. c4 Bh6 25. Rc2 h4 26. Nc1 Rhg8 27. Ne2 Rg7 28.
Kh1 Rcg8 29. b4 Bg4 30. Bxg4 Rxg4 31. g3 hxg3 32. fxg3 Bf8 33. h3 Rh8 34. Ng1
Rg6 35. h4 Bh6 36. Raa2 Be3 37. Rg2 Rg4 38. Nh3 Rhg8 39. Kh2 Qd7 40. Nf2 R4g6
41. Nd1 Bh6 42. Qf1 Qg4 43. Nf2 Qc8 44. Nh1 Be3 45. Qd3 Qg4 46. Raf2 Bxf2 47.
Nxf2 Qd7 48. b5 Qc7 49. Rg1 Qc5 50. g4 Rh8 51. h5 Rgh6 52. Kh3 Re8 53. Kh4 Rg8
54. Rc1 Rgh8 55. Qf3 Qc7 56. Rc2 Qc8 57. Nh1 Qg8 58. Ng3 Qd8 59. Nf5 Rg6 60.
Qa3 Kc7 61. Qb4 Rg5 62. Kh3 Qf8 63. Qa3 Rhg8 64. Rg2 Qd8 65. Qb2 Qd7 66. Qf2
Kb8 67. h6 Qc8 68. h7 Rh8 69. Qh4 Qxc4 70. Nxd6 Qd3+ 71. Rg3 Qf1+ 72. Kh2 Rg7
73. Rh3 Qe2+ 74. Kh1 d3 75. Nf5 Rxg4 76. Qxg4 Qxg4 77. Kh2 Qe2+ 78. Kg3 d2 79.
Rh1 Qe1+ 80. Rxe1 dxe1=Q+ 81. Kf3 Rxh7 {monsoon resigns} 0-1

[Event "ICS rated blitz match"]
[Site "204.178.125.65"]
[Date "2001.08.05"]
[Round "?"]
[White "Hossa"]
[Black "Lami"]
[Result "1-0"]
[WhiteElo "2573"]
[BlackElo "2039"]
[PlyCount "73"]
[EventDate "2001.??.??"]

1. e4 e5 2. f4 exf4 3. Bc4 g5 4. Ne2 Bg7 5. d4 d6 6. O-O Nc6 7. c3 Nf6 8. Bd3
O-O 9. Kh1 Bg4 10. Nd2 Re8 11. b3 h6 12. Ba3 Qd7 13. Bb2 Re7 14. a4 Rae8 15. a5
Bxe2 16. Qxe2 Ng4 17. a6 b6 18. d5 Nce5 19. Bb5 c6 20. Bxc6 Nxc6 21. dxc6 Qe6
22. Qb5 Ne3 23. Rf3 Rc8 24. g3 Be5 25. Rg1 Kh7 26. gxf4 Bxf4 27. Qd3 Ng4 28.
e5+ Kh8 29. exd6 Bxd6 30. Rxg4 Qxg4 31. Qxd6 Re1+ 32. Rf1 Rxf1+ 33. Nxf1 Qe4+
34. Kg1 Rxc6 35. Qf8+ Kh7 36. Qxf7+ Kh8 37. c4+ {Lami resigns} 1-0

[Event "ICS rated blitz match"]
[Site "204.178.125.65"]
[Date "2001.08.05"]
[Round "?"]
[White "Hossa"]
[Black "Saitek"]
[Result "0-1"]
[WhiteElo "2574"]
[BlackElo "2771"]
[PlyCount "124"]
[EventDate "2001.??.??"]

1. e4 c5 2. b4 cxb4 3. a3 d5 4. axb4 dxe4 5. Ba3 Nf6 6. Bb5+ Bd7 7. Bxd7+ Qxd7
8. Ne2 Nc6 9. b5 Nd4 10. Nxd4 Qxd4 11. Nc3 Nd5 12. Bb2 e6 13. Nxd5 Qxd5 14. Qe2
Rc8 15. Bc3 Bc5 16. Ra4 O-O 17. Qxe4 Bb6 18. Qxd5 exd5 19. Ke2 Rfe8+ 20. Kf3 f5
21. Rf4 g6 22. Ra4 Re4 23. Ra2 g5 24. g3 g4+ 25. Kg2 Re2 26. Rf1 Rc4 27. Kg1 f4
28. Ba5 Bc5 29. d3 Rcxc2 30. Rxc2 Rxc2 31. gxf4 Kf7 32. Kg2 Ke6 33. Kg3 Kf5 34.
f3 gxf3 35. Rxf3 Rb2 36. Bc7 Rxb5 37. Rf1 Rb2 38. Rd1 Bf2+ 39. Kf3 Bd4 40. Kg3
b5 41. h3 b4 42. Ba5 b3 43. Bb4 Ra2 44. Kf3 b2 45. Rb1 Ra1 46. Rxb2 Bxb2 47.
Bc5 a5 48. Bb6 a4 49. Bc5 a3 50. Bxa3 Rxa3 51. Ke3 Bf6 52. Ke2 Kxf4 53. d4 Rxh3
54. Kd2 Re3 55. Kc2 h5 56. Kb2 Bxd4+ 57. Kc2 h4 58. Kd2 h3 59. Kc2 Kf3 60. Kc1
Re2 61. Kd1 h2 62. Kc1 h1=Q# {Hossa checkmated} 0-1

[Event "ICS rated blitz match"]
[Site "204.178.125.65"]
[Date "2001.08.05"]
[Round "?"]
[White "TortaPocha"]
[Black "Hossa"]
[Result "1-0"]
[WhiteElo "2407"]
[BlackElo "2566"]
[PlyCount "132"]
[EventDate "2001.??.??"]

1. Nf3 c5 2. g3 Nf6 3. Bg2 b6 4. O-O Bb7 5. d3 d5 6. Nbd2 e6 7. e4 Be7 8. e5
Nfd7 9. Re1 g5 10. h3 h5 11. Nf1 g4 12. hxg4 hxg4 13. N3h2 Qc7 14. Nxg4 Na6 15.
Bf4 O-O-O 16. c3 Rh7 17. d4 Rdh8 18. a4 cxd4 19. cxd4 Qd8 20. Qb3 Bg5 21. Bxg5
Qxg5 22. Nfe3 Nc7 23. a5 bxa5 24. Rxa5 a6 25. Qb4 Nb5 26. Rxb5 axb5 27. Qxb5 f5
28. exf6 Nxf6 29. Ne5 Ne8 30. Rc1+ Nc7 31. Qb6 Kb8 32. b4 Qh5 33. Ra1 Na8 34.
Qd6+ Rc7 35. b5 Qh7 36. b6 Nxb6 37. Qxb6 Kc8 38. Qd6 Qh5 39. N3g4 Qg5 40. Qxe6+
Kb8 41. Nd7+ Rxd7 42. Qxd7 Rd8 43. Qe6 Qg7 44. Qe5+ Qxe5 45. Nxe5 Rd6 46. g4
Rd8 47. g5 Rc8 48. f4 Rc3 49. g6 Rc7 50. f5 Bc8 51. f6 Be6 52. g7 Rc3 53. Ra6
Bg8 54. Rd6 Rc8 55. Rxd5 Ka7 56. Rd7+ Kb6 57. Bd5 Bxd5 58. Rxd5 Rg8 59. Kf2 Ka6
60. Kf3 Kb6 61. f7 Rxg7 62. f8=Q Rh7 63. Qc5+ Kb7 64. Qb5+ Kc7 65. Qc6+ Kb8 66.
Rb5+ Ka7 {Hossa resigns} 1-0

[Event "ICS rated blitz match"]
[Site "204.178.125.65"]
[Date "2001.08.05"]
[Round "?"]
[White "Hossa"]
[Black "leocarlos"]
[Result "1-0"]
[WhiteElo "2543"]
[BlackElo "2426"]
[PlyCount "93"]
[EventDate "2001.??.??"]

1. e4 e5 2. f4 exf4 3. Bc4 d6 4. Qf3 g5 5. Ne2 Nc6 6. Bb5 Bg7 7. d4 Bd7 8. Bxc6
bxc6 9. O-O Ne7 10. Nbc3 O-O 11. h4 h6 12. hxg5 hxg5 13. Qh5 Ng6 14. g3 fxg3
15. Bxg5 Qe8 16. Kg2 f6 17. Bh6 Bxh6 18. Qxh6 Qf7 19. Nxg3 Qg7 20. Qxg7+ Kxg7
21. Nh5+ Kg8 22. Nxf6+ Rxf6 23. Rxf6 Kg7 24. Raf1 Rf8 25. Rxg6+ Kxg6 26. Rxf8
Be6 27. Ra8 c5 28. dxc5 dxc5 29. Rxa7 c6 30. Rc7 c4 31. Rxc6 Kf7 32. Nd5 Bd7
33. Rxc4 Ke6 34. Nc3 Ke5 35. Rc5+ Kf4 36. Nd5+ Kg4 37. Nf6+ Kf4 38. Nxd7 Kxe4
39. Re5+ Kd4 40. c3+ Kc4 41. Nb6+ Kd3 42. Rd5+ Ke4 43. Kg3 Ke3 44. Rd4 Ke2 45.
Nc4 Ke1 46. Kf3 Kf1 47. Rd1# {leocarlos checkmated} 1-0

[Event "ICS rated blitz match"]
[Site "204.178.125.65"]
[Date "2001.08.05"]
[Round "?"]
[White "leocarlos"]
[Black "Hossa"]
[Result "0-1"]
[WhiteElo "2415"]
[BlackElo "2554"]
[PlyCount "84"]
[EventDate "2001.??.??"]

1. e4 c5 2. c3 d6 3. d4 Nf6 4. Bd3 cxd4 5. cxd4 e5 6. d5 Be7 7. Nc3 O-O 8. Nf3
Nbd7 9. O-O Nc5 10. Re1 Nxd3 11. Qxd3 Bd7 12. a4 Re8 13. b4 a5 14. b5 Rc8 15.
Ba3 Ng4 16. h3 Nf6 17. Rac1 Nh5 18. Ne2 Rf8 19. g4 Nf6 20. Ng3 b6 21. Rc3 Rxc3
22. Qxc3 Ne8 23. Rc1 g6 24. Ne2 f5 25. exf5 gxf5 26. Nh2 fxg4 27. Nxg4 h5 28.
Nh2 Bh4 29. Ng3 Bxh3 30. Qd3 Qf6 31. Rc2 Qg7 32. Rc6 Qf7 33. Qe3 Qxd5 34. Qe4
Qd1+ 35. Nhf1 Bxg3 36. Qg6+ Ng7 37. Qxg3 Qxf1+ 38. Kh2 h4 39. Qg1 Rxf2+ 40. Kh1
Bg2+ 41. Kh2 Bxc6+ 42. Qxf2 Qh1# {leocarlos checkmated} 0-1

[Event "ICS rated blitz match"]
[Site "204.178.125.65"]
[Date "2001.08.05"]
[Round "?"]
[White "Hossa"]
[Black "monsoon"]
[Result "1-0"]
[WhiteElo "2564"]
[BlackElo "2622"]
[PlyCount "91"]
[EventDate "2001.??.??"]

1. e4 e5 2. f4 exf4 3. Bc4 Nf6 4. Nc3 Bb4 5. e5 d5 6. Bb5+ Nfd7 7. Nxd5 c6 8.
Nxb4 Qa5 9. c3 Qxb5 10. d4 a5 11. Nd3 O-O 12. Nh3 Nb6 13. Nhxf4 Bf5 14. b3 a4
15. Ba3 Re8 16. O-O axb3 17. axb3 Nc8 18. Nc5 Na6 19. Bb4 Ne7 20. Ra5 Qb6 21.
Nxa6 bxa6 22. Qh5 Qb7 23. Bxe7 Bg6 24. Nxg6 fxg6 25. Qe2 Qxe7 26. Rxa6 Qe6 27.
b4 Rxa6 28. Qxa6 Qd5 29. Qb7 Kh8 30. Qf7 Qd8 31. e6 h6 32. Qxg6 Qa8 33. h3 Qd8
34. g3 Qa8 35. c4 Rf8 36. Rxf8+ Qxf8 37. Qe4 Qe8 38. e7 h5 39. d5 cxd5 40. cxd5
g6 41. d6 Kg7 42. Qe6 h4 43. d7 Qb8 44. e8=N+ Kh6 45. Qe3+ Kh5 46. Nf6# {
monsoon checkmated} 1-0

[Event "ICS rated blitz match"]
[Site "204.178.125.65"]
[Date "2001.08.05"]
[Round "?"]
[White "miza"]
[Black "Hossa"]
[Result "1-0"]
[WhiteElo "2137"]
[BlackElo "2583"]
[PlyCount "74"]
[EventDate "2001.??.??"]

1. e4 c5 2. d4 cxd4 3. c3 dxc3 4. Nxc3 Nc6 5. Nf3 e6 6. Bc4 Qc7 7. O-O a6 8.
Bg5 g6 9. Rc1 f5 10. Bb3 Bb4 11. Nd5 exd5 12. exd5 Qd6 13. Qe2+ Nce7 14. a3 Ba5
15. Ne5 Kf8 16. Nc4 Qxd5 17. Nxa5 Qxa5 18. Rfe1 Kg7 19. Bxe7 Qb5 20. Bc4 Qb6
21. Bb4 d5 22. Bxd5 Nf6 23. Qe7+ Kh6 24. Bd2+ f4 25. Bxf4+ g5 26. Bc7 Nxd5 27.
Qe5 Nxc7 28. Rxc7 Rg8 29. Rd1 Be6 30. Rd6 Qxd6 31. Qxd6 Rge8 32. Re7 Rxe7 33.
Qxe7 Bc8 34. Qf6+ Kh5 35. h3 g4 36. hxg4+ Kxg4 37. f3+ Kh5 {Hossa resigns} 1-0

[Event "ICS rated blitz match"]
[Site "204.178.125.65"]
[Date "2001.08.05"]
[Round "?"]
[White "cocaina69"]
[Black "Hossa"]
[Result "0-1"]
[WhiteElo "2419"]
[BlackElo "2553"]
[PlyCount "86"]
[EventDate "2001.??.??"]

1. e4 e6 2. Qe2 Nc6 3. g3 d5 4. e5 Nd4 5. Qd1 f6 6. c3 Nc6 7. exf6 Nxf6 8. Bg2
e5 9. d3 Be7 10. Ne2 O-O 11. Bg5 Bf5 12. f4 Ng4 13. Qd2 Bxg5 14. fxg5 Bc8 15.
Na3 a5 16. O-O-O Nf2 17. Rdf1 Nxh1 18. Rxh1 Rf2 19. Rg1 Bg4 20. Bf1 Qf8 21. Qe1
Qf3 22. Kd2 Rf8 23. h3 Be6 24. Nc2 Rxf1 25. Rxf1 Qxf1 26. Qxf1 Rxf1 27. Ne3 Rf2
28. g4 Rh2 29. Nf1 Rxh3 30. Ke1 Rxd3 31. Nd2 Bxg4 32. Nc1 Rh3 33. Kf2 Rh2+ 34.
Ke3 d4+ 35. cxd4 exd4+ 36. Kd3 Bf5+ 37. Kc4 Rxd2 38. Nb3 Be6+ 39. Kb5 Rxb2 40.
Ka4 Rxa2+ 41. Kb5 Na7+ 42. Kc5 Ra4 43. Nd2 b6# {cocaina69 checkmated} 0-1

[Event "ICS rated blitz match"]
[Site "204.178.125.65"]
[Date "2001.08.05"]
[Round "?"]
[White "Hossa"]
[Black "cocaina69"]
[Result "1-0"]
[WhiteElo "2563"]
[BlackElo "2409"]
[PlyCount "29"]
[EventDate "2001.??.??"]

1. e4 c5 2. d4 cxd4 3. c3 g6 4. cxd4 Bg7 5. Nc3 Nc6 6. Be3 Nf6 7. e5 Ng8 8. d5
Nb8 9. f4 d6 10. Nf3 dxe5 11. fxe5 Bg4 12. Bb5+ Nd7 13. Qd4 Bxf3 14. gxf3 a6
15. Bxd7+ {cocaina69 resigns} 1-0

[Event "ICS rated blitz match"]
[Site "204.178.125.65"]
[Date "2001.08.05"]
[Round "?"]
[White "Hossa"]
[Black "Polkan"]
[Result "1-0"]
[WhiteElo "2572"]
[BlackElo "2527"]
[PlyCount "125"]
[EventDate "2001.??.??"]

1. e4 c5 2. d4 cxd4 3. c3 dxc3 4. Nxc3 Nc6 5. Nf3 d6 6. Bb5 e6 7. O-O Bd7 8.
Bf4 a6 9. Be2 Qc7 10. Qd2 Ne5 11. Rac1 Nxf3+ 12. Bxf3 Bc6 13. Nd5 Qd8 14. Qe3
Nf6 15. Nb6 Rb8 16. Nc4 e5 17. Bg5 Be7 18. Rfd1 O-O 19. Bxf6 Bxf6 20. Rc2 Qe7
21. Nxd6 g6 22. Bg4 Bg5 23. Qc5 Rfd8 24. Rc3 Bh6 25. Nf5 Qf8 26. Rxd8 Rxd8 27.
Ne7+ Kh8 28. Nxc6 Qxc5 29. Rxc5 bxc6 30. Rxc6 Rd2 31. Rxa6 Rxb2 32. g3 Bf8 33.
Kf1 Bc5 34. Be2 Rb1+ 35. Kg2 Rb2 36. Kf3 Kg7 37. Ra5 Bd4 38. g4 h6 39. Ra6 Rc2
40. a4 Bc5 41. Rc6 Rc3+ 42. Kg2 Bd4 43. Bb5 Ra3 44. Rc7 Rc3 45. Bc4 Kh8 46. f3
Rc2+ 47. Kf1 f6 48. Ke1 Rxh2 49. Rd7 Rc2 50. Be6 Rc6 51. Bf7 g5 52. Bb3 Rb6 53.
Bd5 Ra6 54. Rd8+ Kg7 55. Rg8+ Kh7 56. Ra8 Rxa8 57. Bxa8 Kg6 58. Bc6 Bc3+ 59.
Ke2 h5 60. Be8+ Kg7 61. gxh5 Kh6 62. Kd3 Be1 63. Kc4 {Polkan resigns} 1-0

[Event "ICS rated blitz match"]
[Site "204.178.125.65"]
[Date "2001.08.05"]
[Round "?"]
[White "Polkan"]
[Black "Hossa"]
[Result "0-1"]
[WhiteElo "2513"]
[BlackElo "2586"]
[PlyCount "50"]
[EventDate "2001.??.??"]

1. d4 d5 2. c4 c6 3. Nf3 e6 4. Nc3 dxc4 5. a4 Bb4 6. e4 Nf6 7. e5 Ne4 8. Qc2
Qd5 9. Be2 c5 10. O-O Nxc3 11. bxc3 cxd4 12. cxd4 c3 13. Be3 Nc6 14. Rfd1 f6
15. Bd3 f5 16. Qe2 Ne7 17. a5 Qd8 18. a6 bxa6 19. Bxa6 O-O 20. Bg5 Qd7 21. Bxe7
Qxe7 22. d5 exd5 23. Nd4 Bc5 24. f4 Bxd4+ 25. Rxd4 Qc5 {Polkan resigns} 0-1